00205 a2200097 4500000002500000020001500025100002000040245002400060250000600084260001700090 nam a22 7a 4500 a9681818946 aT WILLIAM LAMBE aMECANICA DE SUELOS  a2 bLIMUSAc2001